| 000 | 00522nam a2200193 a 4500 | ||
|---|---|---|---|
| 005 | 20240911064154.0 | ||
| 008 | 991125s1988 mx 000 0 spa u | ||
| 020 | _a9684271387 | ||
| 035 | _aUPN01000006650 | ||
| 049 | _aCG | ||
| 050 | 4 |
_aHB501 _bB4.38 |
|
| 100 | 1 | _aBernis, Gerard de | |
| 245 | 1 | 3 |
_aEl capitalismo contemporáneo : _bregulación y crisis / _cGerard de Bernis. |
| 260 |
_aMéxico : _bNuestro Tiempo, _c1988. |
||
| 300 | _a256 p. | ||
| 440 | 0 | _aDesarrollo | |
| 650 | 4 |
_aCapitalismo _96436 |
|
| 905 | _aLibro | ||
| 999 |
_c6650 _d6650 |
||